[Event "AUTO-OPEN-289"]
[Site "http://www.queenalice.com/game.php?id=75124"]
[Date "2006.6.8"]
[Round "1"]
[White "jocachess"]
[Black "agolike"]
[Result "0-1"]
[WhiteElo "1457"]
[BlackElo "1500"]

1. e4 d5 2. Nc3 d4 3. Nd5 e5 4. Nf3 c6 5. Nb4 Bxb4 6. Nxe5 Qe7 7. Nd3 Ba5 8. Nc5
Bb6 9. Nd3 Nf6 10. e5 Nfd7 11. Qe2 O-O 12. g3 Nc5 13. Bg2 Bf5 14. Nb4 Nb3 15.
axb3 Qxb4 16. Ra4 Qe7 17. O-O Nd7 18. f4 d3+ 19. Rf2 dxe2 0-1

[Event "AUTO-OPEN-289"]
[Site "http://www.queenalice.com/game.php?id=75125"]
[Date "2006.6.8"]
[Round "1"]
[White "agolike"]
[Black "jocachess"]
[Result "1-0"]
[WhiteElo "1679"]
[BlackElo "1465"]

1. e4 e5 2. Nf3 Nc6 3. d4 d6 4. Bc4 Be6 5. d5 Bg4 6. dxc6 bxc6 7. Be3 Nf6 8. Qd3
d5 9. Bg5 Bb4+ 10. c3 Bc5 11. exd5 cxd5 12. Bxf6 e4 13. Qxd5 Qxf6 14. Qxa8+ Qd8
15. Qxe4+ Qe7 16. Qxe7+ Bxe7 17. Nbd2 O-O 18. O-O h6 19. h3 Bxf3 20. Nxf3 Rd8
21. Rad1 Bd6 22. Rfe1 Kf8 23. Rd3 f6 24. Nd4 c5 25. Ne6+ Ke8 26. Nxd8+ Kxd8 27.
Rxd6+ Kc7 28. Rd5 g5 29. Re7+ 1-0

[Event "AUTO-OPEN-289"]
[Site "http://www.queenalice.com/game.php?id=75144"]
[Date "2006.6.8"]
[Round "1"]
[White "CXMjonnes"]
[Black "agolike"]
[Result "1-0"]
[WhiteElo "1518"]
[BlackElo "1492"]

1. d4 Nf6 2. c4 g6 3. Nc3 Bg7 4. e4 d6 5. f3 Nbd7 6. Be3 b6 7. Qd2 O-O 8. Nh3 c5
9. d5 e6 10. O-O-O a6 11. g4 Ne5 12. Be2 Bd7 13. g5 Nxc4 14. Bxc4 Nh5 15. Nf4
exd5 16. Ncxd5 b5 17. Bb3 c4 18. Bc2 Rc8 19. Nxh5 gxh5 20. h4 c3 21. Nxc3 b4 22.
Nd5 Be6 23. Kb1 a5 24. Nf6+ Kh8 25. Qxd6 Bxf6 26. gxf6 Qxd6 27. Rxd6 Bxa2+ 28.
Kxa2 Rxc2 29. Rhd1 h6 30. R1d5 a4 31. Kb1 Rh2 32. Bxh6 Rc8 33. Rd8+ Rxd8 34.
Rxd8+ Kh7 35. Bg5 b3 36. Rd4 Rh1+ 37. Bc1 Rxh4 38. Rxa4 Rh3 39. e5 Rxf3 40. Rf4
Rg3 41. e6 Rg8 42. exf7 Rf8 43. Rb4 Rxf7 44. Bg5 Kg6 45. Bh4 Kf5 46. Rxb3 1-0

[Event "AUTO-OPEN-289"]
[Site "http://www.queenalice.com/game.php?id=75145"]
[Date "2006.6.8"]
[Round "1"]
[White "agolike"]
[Black "CXMjonnes"]
[Result "1-0"]
[WhiteElo "1725"]
[BlackElo "1380"]

1. e4 e6 2. Nf3 d5 3. exd5 exd5 4. d4 Nf6 5. Be3 Bd6 6. Bd3 O-O 7. O-O c6 8.
Nbd2 Bg4 9. h3 Bh5 10. c3 Nbd7 11. Qc2 Re8 12. Bg5 Bg6 13. Rae1 Qc7 14. Bxg6
hxg6 15. c4 dxc4 16. Nxc4 Nd5 17. Nxd6 Qxd6 18. Bh4 Rad8 19. Bxd8 Rxd8 20. a3
N7f6 21. Qc5 1-0

[Event "AUTO-OPEN-289"]
[Site "http://www.queenalice.com/game.php?id=75157"]
[Date "2006.6.8"]
[Round "1"]
[White "CCapivara"]
[Black "agolike"]
[Result "1-0"]
[WhiteElo "1759"]
[BlackElo "1732"]

1. e4 d5 2. Nf3 Bg4 3. exd5 Nf6 4. Be2 c6 5. dxc6 Nxc6 6. O-O e5 7. d3 g6 8. Re1
Bg7 9. Nxe5 Bxe2 10. Nxc6 bxc6 11. Qxe2+ Kd7 12. Nc3 Re8 13. Be3 Qe7 14. Qf3 Qb4
15. Bg5 Qd6 16. Bxf6 Qxf6 17. Qxf6 Bxf6 18. Kf1 Rab8 19. Rxe8 Kxe8 20. Na4 Rb4
21. Re1+ Kf8 22. b3 Rh4 23. h3 Rd4 24. Re4 Rd8 25. Ke2 Bg7 26. Nc5 Rd5 27. Rc4
Rd4 28. Rxd4 Bxd4 29. Ne4 f5 30. Ng5 h6 31. Ne6+ 1-0

[Event "Let's Play Chess!"]
[Site "http://www.queenalice.com/game.php?id=84391"]
[Date "2006.7.10"]
[Round "-"]
[White "diegmr"]
[Black "agolike"]
[Result "1-0"]
[WhiteElo "1582"]
[BlackElo "1691"]

1. e4 d5 2. Nc3 d4 3. Nce2 e5 4. Nf3 Bd6 5. d3 Nf6 6. Bg5 Bg4 7. Ng3 Nbd7 8. Be2
c5 9. c3 O-O 10. h3 Be6 11. O-O h6 12. Bxf6 Nxf6 13. cxd4 cxd4 14. b3 1-0

[Event "Let's Play Chess!"]
[Site "http://www.queenalice.com/game.php?id=84392"]
[Date "2006.7.10"]
[Round "-"]
[White "agolike"]
[Black "diegmr"]
[Result "0-1"]
[WhiteElo "1640"]
[BlackElo "1602"]

1. e4 e5 2. Nf3 Nc6 3. d4 d6 4. d5 Nce7 5. c4 Nf6 6. Bd3 Bg4 7. Bg5 Ng6 8. Nbd2
Be7 9. Bxf6 Bxf6 10. h3 Bxf3 11. Nxf3 O-O 12. g3 c6 13. O-O Ne7 0-1

[Event "Challenge1"]
[Site "http://www.queenalice.com/game.php?id=85187"]
[Date "2006.7.12"]
[Round "-"]
[White "CleoGodoy"]
[Black "agolike"]
[Result "1-0"]
[WhiteElo "1621"]
[BlackElo "1504"]

1. e4 d5 2. exd5 Nf6 3. Nc3 e6 4. dxe6 Bxe6 5. Nf3 Bc5 6. d3 O-O 7. Be3 Bxe3 8.
fxe3 Nbd7 9. d4 c6 10. Bd3 Bg4 11. O-O Qc7 12. Be2 Rae8 13. Qd2 Rd8 14. Nh4 Ne5
15. Bxg4 Nfxg4 16. Qe2 f5 17. Nxf5 Nxh2 18. dxe5 Nxf1 19. Qxf1 Qxe5 20. e4 g6
21. Qc4+ Kh8 22. Nh4 Rd4 23. Qe2 Qg3 24. Nf3 1-0

[Event "Challenge2"]
[Site "http://www.queenalice.com/game.php?id=85188"]
[Date "2006.7.12"]
[Round "-"]
[White "CleoGodoy"]
[Black "agolike"]
[Result "1-0"]
[WhiteElo "1607"]
[BlackElo "1527"]

1. e4 d5 2. exd5 Nf6 3. c4 c6 4. Nc3 cxd5 5. cxd5 Nxd5 6. d4 Nc6 7. Bb5 e6 8.
Nf3 Bb4 9. Bxc6+ bxc6 10. Bd2 Ba6 11. Qa4 Bd3 12. Qxc6+ Ke7 13. Nxd5+ Qxd5 14.
Bxb4+ Kf6 15. Qc1 h6 16. Qf4+ Qf5 17. Qe3 Rac8 18. Rd1 Bc2 19. Rd2 Be4 20. O-O
g5 21. Ne5 Kg7 22. Ng4 h5 23. f3 1-0

[Event "AUTO-MASTER-193"]
[Site "http://www.queenalice.com/game.php?id=87637"]
[Date "2006.7.19"]
[Round "1"]
[White "agolike"]
[Black "anderson"]
[Result "0-1"]
[WhiteElo "1496"]
[BlackElo "1796"]

1. e4 e5 2. Nf3 Nc6 3. d4 exd4 4. Bc4 Bc5 5. O-O d6 6. Bf4 Nf6 7. Nbd2 Bg4 8.
Nb3 O-O 9. Nxc5 dxc5 10. h3 Bh5 11. Re1 h6 12. Qd3 a5 13. Ne5 Nxe5 14. Bxe5 Qe7
15. f4 Ne8 16. g4 Bg6 17. Re2 Kh8 18. Qb3 b6 19. c3 f6 20. f5 fxe5 21. fxg6 Qh4
22. Rg2 Qxh3 23. g5 h5 24. cxd4 Qxb3 0-1

[Event "AUTO-MASTER-193"]
[Site "http://www.queenalice.com/game.php?id=87638"]
[Date "2006.7.19"]
[Round "1"]
[White "anderson"]
[Black "agolike"]
[Result "1-0"]
[WhiteElo "1779"]
[BlackElo "1529"]

1. e4 d5 2. exd5 Nf6 3. c4 c6 4. dxc6 Nxc6 5. Nc3 e5 6. d3 Bc5 7. Be2 Nd4 8. Bg5
Qb6 9. Na4 Qa5+ 10. Nc3 Nd7 11. Nf3 f6 12. Bd2 Nxe2 13. Qxe2 O-O 14. Nd5 Qd8 15.
O-O Nb6 16. Be3 Bxe3 17. Qxe3 Nxd5 18. cxd5 Qxd5 19. d4 Bg4 20. Nd2 exd4 21. Qg3
Be2 22. Rfe1 d3 23. b3 Rae8 24. Qf4 1-0

[Event "AUTO-MASTER-193"]
[Site "http://www.queenalice.com/game.php?id=87639"]
[Date "2006.7.19"]
[Round "1"]
[White "agolike"]
[Black "adilson_camargo"]
[Result "1-0"]
[WhiteElo "1517"]
[BlackElo "1249"]

1. e4 e5 2. Nf3 d6 3. d4 exd4 4. Bc4 h6 5. O-O Bg4 6. h3 Bxf3 7. Qxf3 Qf6 8. Qb3
b6 9. Nd2 Ne7 10. f4 Nec6 11. e5 Qf5 12. e6 fxe6 13. Bxe6 Qf6 14. f5 Ne5 15.
Qa4+ Nbd7 16. Ne4 a5 17. Bf4 1-0

[Event "AUTO-MASTER-193"]
[Site "http://www.queenalice.com/game.php?id=87640"]
[Date "2006.7.19"]
[Round "1"]
[White "adilson_camargo"]
[Black "agolike"]
[Result "0-1"]
[WhiteElo "1249"]
[BlackElo "1523"]

1. d4 Nf6 2. c4 e6 3. Nc3 d5 4. Nf3 Bb4 5. e3 O-O 6. Bd3 dxc4 7. Bxc4 Bd7 8. O-O
Bc6 9. a3 Bd6 10. Re1 Nbd7 11. e4 Nb6 12. Bb3 Ng4 13. h3 h5 14. hxg4 hxg4 15. d5
gxf3 16. dxc6 bxc6 17. Qxf3 Qh4 0-1

[Event "AUTO-MASTER-193"]
[Site "http://www.queenalice.com/game.php?id=87641"]
[Date "2006.7.19"]
[Round "1"]
[White "agolike"]
[Black "bruno_santiago"]
[Result "0-1"]
[WhiteElo "1485"]
[BlackElo "1990"]

1. e4 e5 2. Nf3 Nc6 3. d4 exd4 4. Bc4 Bc5 5. O-O d6 6. Bg5 Nf6 7. c3 Bg4 8. Nbd2
dxc3 9. bxc3 Ne5 10. Qa4+ c6 11. Nxe5 dxe5 12. Nb3 Be7 13. f3 b5 14. Qa6 bxc4
15. Na5 Bd7 16. Nxc6 Qb6+ 17. Qxb6 axb6 18. Nxe7 Kxe7 19. f4 Ra5 20. Rad1 exf4
0-1

[Event "AUTO-MASTER-193"]
[Site "http://www.queenalice.com/game.php?id=87642"]
[Date "2006.7.19"]
[Round "1"]
[White "bruno_santiago"]
[Black "agolike"]
[Result "1-0"]
[WhiteElo "1988"]
[BlackElo "1485"]

1. Nf3 d5 2. g3 Bg4 3. Bg2 Nd7 4. O-O Bxf3 5. exf3 e5 6. Re1 Bd6 7. f4 e4 8. d3
f5 9. dxe4 fxe4 10. Qxd5 Ngf6 11. Qc4 Nb6 12. Qe6+ Qe7 13. Qxe7+ Bxe7 14. Nc3
Bb4 15. Bd2 O-O-O 16. Rad1 Rhe8 17. a3 Bxc3 18. Bxc3 Nbd5 19. Bxf6 Nxf6 20.
Rxd8+ 1-0

[Event "AUTO-OPEN-332"]
[Site "http://www.queenalice.com/game.php?id=87824"]
[Date "2006.7.20"]
[Round "1"]
[White "JAVA"]
[Black "agolike"]
[Result "1-0"]
[WhiteElo "1516"]
[BlackElo "1600"]

1. e4 d5 2. d3 e5 3. Qe2 d4 4. Nh3 Nf6 5. Bg5 Be7 6. Bxf6 Bxf6 7. g4 Bg5 8. Nd2
Bxd2+ 9. Qxd2 Bxg4 10. Qa5 Nc6 11. Qb5 Qd7 12. Ng1 O-O-O 13. f3 Be6 14. O-O-O a6
15. Qc5 b6 16. Qa3 Kb7 17. b3 Na7 18. Qb2 Nb5 19. Ne2 c5 20. f4 exf4 21. Nxf4
Nc3 22. Re1 g6 23. Ne2 Nxe2+ 24. Bxe2 f5 25. Bf3 Kb8 26. exf5 Bxf5 27. Kb1 Ka7
28. Re2 Qd6 29. Qc1 Rdf8 30. Qg5 1-0

[Event "AUTO-OPEN-332"]
[Site "http://www.queenalice.com/game.php?id=87825"]
[Date "2006.7.20"]
[Round "1"]
[White "agolike"]
[Black "JAVA"]
[Result "0-1"]
[WhiteElo "1560"]
[BlackElo "1535"]

1. e4 e5 2. Nf3 d6 3. d4 Bg4 4. Bc4 Qf6 5. dxe5 dxe5 6. Be3 Bxf3 7. gxf3 Bd6 8.
Nd2 Ne7 9. c3 a6 10. Qb3 O-O 11. Bg5 Qxg5 12. O-O-O b5 13. Rhg1 Qh6 14. Rg2 g6
15. Kc2 bxc4 16. Qxc4 Qh3 17. Rdg1 Qd7 18. h4 Nbc6 19. h5 Na5 20. Qd3 Qa4+ 21.
Kb1 Rfb8 22. f4 Ba3 23. fxe5 Rxb2+ 24. Ka1 Rab8 25. e6 Nb3+ 26. Nxb3 R8xb3 27.
exf7+ Kxf7 28. hxg6+ Ke8 29. gxh7 Rxa2+ 0-1

[Event "AUTO-OPEN-332"]
[Site "http://www.queenalice.com/game.php?id=87854"]
[Date "2006.7.20"]
[Round "1"]
[White "agolike"]
[Black "allexxxanddre"]
[Result "1-0"]
[WhiteElo "1485"]
[BlackElo "1383"]

1. e4 c5 2. Nf3 d6 3. c3 Nf6 4. Qc2 g6 5. d3 Nc6 6. Be3 Bg7 7. Nbd2 b5 8. a3 O-O
9. d4 e6 10. Bxb5 Bb7 11. b4 cxb4 12. axb4 1-0

[Event "AUTO-OPEN-332"]
[Site "http://www.queenalice.com/game.php?id=87855"]
[Date "2006.7.20"]
[Round "1"]
[White "allexxxanddre"]
[Black "agolike"]
[Result "0-1"]
[WhiteElo "1383"]
[BlackElo "1502"]

1. e4 d5 2. exd5 Nf6 3. c4 c6 4. Nc3 cxd5 5. cxd5 Nxd5 6. Bc4 Nf6 7. Nf3 e6 8.
O-O Bd6 9. d4 Nbd7 10. Bg5 O-O 11. Ne4 Be7 12. Bxf6 Nxf6 0-1

[Event "AUTO-OPEN-332"]
[Site "http://www.queenalice.com/game.php?id=87856"]
[Date "2006.7.20"]
[Round "1"]
[White "agolike"]
[Black "anderson"]
[Result "0-1"]
[WhiteElo "1522"]
[BlackElo "1785"]

1. e4 e5 2. Nf3 Nc6 3. d4 exd4 4. Bc4 Bc5 5. O-O d6 6. Bf4 Nf6 7. Nbd2 Bg4 8.
Re1 O-O 9. Nb3 Bb4 10. Bd2 Bc5 11. Bd3 Ne5 12. Nxc5 Bxf3 13. gxf3 dxc5 14. f4
Nxd3 15. cxd3 Qd7 16. f5 b6 17. Qf3 Qc6 18. Bg5 Nd7 19. Qg3 f6 20. Bf4 Rac8 21.
h3 Qb5 22. e5 fxe5 23. Bxe5 Nxe5 0-1

[Event "AUTO-OPEN-332"]
[Site "http://www.queenalice.com/game.php?id=87857"]
[Date "2006.7.20"]
[Round "1"]
[White "anderson"]
[Black "agolike"]
[Result "1-0"]
[WhiteElo "1790"]
[BlackElo "1500"]

1. e4 d5 2. exd5 Nf6 3. c4 c6 4. dxc6 Nxc6 5. Nf3 e5 6. Nc3 Bc5 7. d3 O-O 8. Bg5
Nd4 9. Ne4 Nxf3+ 10. Qxf3 Be7 11. Be2 Nxe4 12. Bxe7 Qxe7 13. dxe4 f5 14. O-O
fxe4 15. Qxe4 Bf5 16. Qe3 Qf6 17. b3 b6 18. Bf3 Rae8 19. Be4 Bxe4 20. Qxe4 Rd8
21. Qe3 Rd7 22. Rad1 Rdf7 23. h3 Qe6 24. Qe4 Qe7 25. Rd5 1-0